| 000 | 01183cam a2200349Ia 4500 | ||
|---|---|---|---|
| 001 | 52228 | ||
| 005 | 20230410132634.0 | ||
| 008 | 950728s1995 sp 000 1 spa d | ||
| 035 | _a(OCoLC)ocm32887971 | ||
| 040 |
_aLPU _cLPU _dOCL _dPL# _dBAKER _dOCLCQ |
||
| 020 | _a8433914391 | ||
| 020 | _a9788433914392 | ||
| 035 | _a(OCoLC)32887971 | ||
| 041 | 1 |
_aspa _heng |
|
| 049 | _aGRAL | ||
| 050 | 1 | 4 |
_aPS 3525 _bM219c 2005 |
| 100 | 1 |
_aMailer, Norman, _d1923-2007. |
|
| 245 | 1 | 3 |
_aLa canción del verdugo / _cNorman Mailer ; traducción de Antonio Samons. |
| 250 | _a3a ed. | ||
| 260 |
_aBarcelona : _bEditorial Anagrama, _c2005 |
||
| 300 |
_a572 p. ; _c21 cm. |
||
| 440 | 0 |
_aCompactos Anagrama ; _v109 |
|
| 500 | _aTraducido del idioma oficial: The executioner's song. | ||
| 600 | 1 | 0 |
_aGilmore, Gary _vFiction. |
| 653 |
_aLiteratura estadounidense _aNovela _aSiglo XX _aTraducciones españolas. |
||
| 653 |
_aNovela estadounidense _aSiglo XX _aTraducciones españolas. |
||
| 938 |
_aPuvill Libros _bPUVL _n8433914391 _c$13.93 |
||
| 938 |
_aBaker & Taylor _bBKTY _c19.90 _d19.90 _i8433914391 _n0006610320 _sactive |
||
| 942 |
_2lcc _cbk |
||
| 994 |
_aC0 _bDRFGD |
||
| 946 | _acsexposito | ||
| 999 |
_c85131 _d85131 |
||